Umění prožívat emoce / Jean-Yves Arrivé ; [z francouzského originálu ... přeložila Kateřina Bodnárová]
Record details
- ISBN: 80-7178-828-7
- Physical Description: 196 s. ; 20 cm
- Publisher: Praha : Portál, 2004
Content descriptions
| Bibliography, etc. Note: | Obsahuje bibliografie a bibliografické odkazy |
Search for related items by subject
| Subject: | emoce |
| Genre: | populárně-naučné publikace |
Available copies
- 0 of 1 copy available at Common Catalog SPOK.
Holds
- 0 current holds with 1 total copy.
Show Only Available Copies
| Location | Call Number / Copy Notes | Barcode | Shelving Location | Status | Due Date |
|---|---|---|---|---|---|
| Jabok Library | Psy-4.8/A | 424480017087 | Odborná literatura | Checked out | 08.09.2025 |
| LDR | 01066nam a2200301 a 4500 | ||
|---|---|---|---|
| 001 | 13715 | ||
| 003 | CZ-PrJAB | ||
| 005 | 20191113131449.0 | ||
| 007 | ta | ||
| 008 | 040728s2004 xr e 000 0 cze | ||
| 015 | . | ‡acnb001411505 | |
| 020 | . | ‡a80-7178-828-7 ‡q(brož.) : ‡cKč 239,00 | |
| 035 | . | ‡a(CZ PrNK)cpk20041411505 | |
| 040 | . | ‡aABA001 ‡bcze | |
| 041 | 1 | . | ‡acze ‡hfre |
| 072 | 7. | ‡a159.93/.94 ‡xSenzorické a motorické funkce. Emoce. Vůle ‡2Konspekt ‡917 | |
| 080 | . | ‡a159.942 ‡2MRF | |
| 100 | 1 | . | ‡aArrivé, Jean-Yves ‡7mzk2004246566 ‡4aut |
| 245 | 1 | 0. | ‡aUmění prožívat emoce / ‡cJean-Yves Arrivé ; [z francouzského originálu ... přeložila Kateřina Bodnárová] |
| 260 | . | ‡aPraha : ‡bPortál, ‡c2004 | |
| 300 | . | ‡a196 s. ; ‡c20 cm | |
| 504 | . | ‡aObsahuje bibliografie a bibliografické odkazy | |
| 650 | 0 | 7. | ‡aemoce ‡7ph114465 ‡2czenas |
| 655 | 7. | ‡apopulárně-naučné publikace ‡7fd131864 ‡2czenas | |
| 700 | 1 | . | ‡aBodnárová, Kateřina, ‡d1975- ‡7skuk0000135 ‡4trl |
| 765 | 0 | . | ‡tSavoir vivre ses émotions ‡9Česky |
| 910 | . | ‡aABG312 | |
| 995 | . | ‡aska | |
| 901 | . | ‡a13715 ‡bCZ PrNK ‡c13715 ‡tbiblio | |